000 01110 a2200217 4500
003 Nust
005 20221226101349.0
010 _a 2002066345
020 _a8129702649
040 _cNust
082 0 0 _a621.3851,STA
100 1 _aStanley, William D.
_983355
245 1 0 _aNetwork analysis with applications (Include CD) /
_cWilliam D. Stanley.
250 _a4th ed.
260 _aUpper Saddle River, N.J. :
_bPrentice Hall,
_cc2003.
300 _ax, 662 p. :
_bill. ;
_c25 cm. +
_e1 CD-ROM (4 3/4 in.)
505 _aBasic circuit laws (Page-1), Circuit analysis methods (Page-47), Capacitive and inductive transcients and equivallent circuits (Page-125), Initial,final and first order circuits (Page-203), Laplace transforms (Page-267), Circuit analysis with laplace transforms (Page-299), Transfer functions (Page-349), Sinusoidal steady-state analysis (Page 409), Frequency response analysis and bode plots (Page- 451), Wave form analysis (Page-523), Fouriour analysis (Page-571), Index(page 657).
650 0 _aElectric network analysis.
_910704
651 _a(Include CD)
_98953
942 _2ddc
_cBK
999 _c183725
_d183725